000 00603nam a2200181 4500
001 137568
003 ES-MaACL
007 t|
008 070214s1955 sp r ||||1| spa d
100 1 _aSánchez-Cordovés, Joaquín.
_9102553
245 1 0 _aReparaciones y ajustes en receptores de televisión /
_cJoaquín Sánchez-Cordovés.
260 _aBarcelona :
_bLabor,
_c1955.
300 _aVIII, 266 p., 4 lám. :
_bil. ;
_c23 cm.
490 1 _aLa escuela del radiotécnico ;
_v15
830 0 _aLa escuela del radiotécnico ;
_v15
_9187079
852 _aES-MaACL
_jC-9947
_bR.37147
999 _c137568
_d137568